Culturas megalíticas / (Record no. 177122)

MARC details
000 -LEADER
campo de control de longitud fija 01103nam a22002895i 4500
001 - NÚMERO DE CONTROL
campo de control 177122
003 - IDENTIFICADOR DE NÚMERO DE CONTROL
campo de control ES-MaACL
005 - FECHA Y HORA DE LA ÚLTIMA TRANSACCIÓN
campo de control 20250812043829.0
008 - DATOS DE LONGITUD FIJA--INFORMACIÓN GENERAL
campo de control de longitud fija 110304s1967 sp afo |||| | spa d
080 ## - NÚMERO DE LA CLASIFICACIÓN DECIMAL UNIVERSAL
Número de la Clasificación Decimal Universal 7.031.1
080 ## - NÚMERO DE LA CLASIFICACIÓN DECIMAL UNIVERSAL
Número de la Clasificación Decimal Universal 7(3)
100 1# - ENTRADA PRINCIPAL--NOMBRE DE PERSONA
Nombre de persona Biedermann, Hans.
9 (RLIN) 145455
245 10 - MENCIÓN DEL TÍTULO
Título Culturas megalíticas /
Mención de responsabilidad, etc. Hans Biedermann, Hagen Biesantz, Joseph Wiesner ; [traducido por Abilio Echevarría y Federico Revilla].
260 ## - PUBLICACIÓN, DISTRIBUCIÓN, ETC.
Lugar de publicación, distribución, etc. Bilbao :
Nombre del editor, distribuidor, etc. Moretón,
Fecha de publicación, distribución, etc. D. L. 1967.
300 ## - DESCRIPCIÓN FÍSICA
Extensión 251, [16] p. de lám. col. y n. :
Otras características físicas il. col. y n. ;
Dimensiones 17 cm.
490 1# - MENCIÓN DE SERIE
Mención de serie Biblioteca de divulgación cultural. Historia del arte universal ;
Designación de volumen o secuencia 4
500 ## - NOTA GENERAL
Nota general Índice.
650 07 - PUNTO DE ACCESO ADICIONAL DE MATERIA--TÉRMINO DE MATERIA
Término de materia o nombre geográfico como elemento de entrada Arte prehistórico
Fuente del encabezamiento o término embne
9 (RLIN) 10269
650 #7 - PUNTO DE ACCESO ADICIONAL DE MATERIA--TÉRMINO DE MATERIA
Término de materia o nombre geográfico como elemento de entrada Arte antiguo
Fuente del encabezamiento o término embne
9 (RLIN) 145358
700 0# - ENTRADA AGREGADA--NOMBRE PERSONAL
Nombre de persona Biesantz, Hagen.
9 (RLIN) 145456
700 1# - ENTRADA AGREGADA--NOMBRE PERSONAL
Nombre de persona Wiesner, Joseph.
9 (RLIN) 145453
700 0# - ENTRADA AGREGADA--NOMBRE PERSONAL
Nombre de persona Echevarría Pagola, Abilio.
9 (RLIN) 46562
700 0# - ENTRADA AGREGADA--NOMBRE PERSONAL
Nombre de persona Revilla, Federico.
9 (RLIN) 96429
830 00 - PUNTO DE ACCESO ADICIONAL DE SERIE-TÍTULO UNIFORME
Título uniforme Biblioteca de divulgación cultural.
Nombre de parte o sección de la obra Historia del arte universal
Designación de volumen o secuencia 4
9 (RLIN) 190363
852 ## - LOCALIZACIÓN
Ubicación ES-MaACL
Número de control de estantería E-14544
Encuadernación Olim P-1406
Holdings
Estatus retirado Estado de pérdida Estado de daño No para préstamo Biblioteca de origen Biblioteca actual Ubicación en estantería Fecha de adquisición Fuente de adquisición Total de préstamos Signatura topográfica completa Código de barras Visto por última vez Precio de reemplazo Tipo de ítem Koha
        Biblioteca del Ateneo de Madrid Biblioteca del Ateneo de Madrid Depósito 2 04/03/2011     E-14544 1186028 23/02/2023 23/02/2023 Libro impreso